Meilleur attaque spe 7g - Statistiques

Statistiques générales
  • Ce quiz a été pris 7 fois
  • Le résultat moyen est 20 sur 24
Statistiques - réponses
Hint Réponse % Correct
173 cablifere
100%
137 cancrelove
100%
135 draieul
100%
100 ekaiser
100%
145 lucanon
100%
137 lunala
100%
130 magearna
100%
127 mandrillon
100%
127 necrozma
100%
157 necrozma ailes de l'aurore
100%
113 necrozma criniere du couchant
100%
167 necrozma ultra
100%
126 oratoria
100%
151 pierroteknik
100%
113 solgaleo
100%
127 zeroid
100%
107 bamboiselle
67%
140 froussardine banc
67%
100 meteno
67%
130 tokopiyon
67%
102 zeraora
67%
100 archeduc
33%
111 malamandre
33%
100 trepassable
33%
Aucun quiz correspondant
Distribution des résultats
% des personnes avec chaque résultat
Percentile par nombre de réponses
Votre historique - résultats
Vous n’avez pas pris ce quiz